000 00481cam a2200193ua 4500
001 8461
005 20260515114334.0
008 150214n xxk |||gr||||Z||||||eng
040 _cMAIN
041 _aeng
082 _a820
100 _aSaintsbury, G.,
_eAuthor.
245 _aShort history of english literature
_cBy George Saintsbury
250 _a1st.
260 _aLondon:
_bMacmillan,
_c1962.
300 _a794p.
653 _aEnglish.& Old English literatures
942 _cBK
999 _c7563
_d7563